Midill (97PL) Ltd v Park Lane Estates Ltd and another (Record no. 80108)
[ view plain ]
| 000 -LEADER | |
|---|---|
| fixed length control field | 01407cad a22002295a 4500 |
| 001 - CONTROL NUMBER | |
| control field | L143243 |
| 008 - FIXED-LENGTH DATA ELEMENTS--GENERAL INFORMATION | |
| fixed length control field | 080418e20080116xxk f v 000 0 eng d |
| 035 ## - SYSTEM CONTROL NUMBER | |
| System control number | (Sirsi) u143243 |
| 041 0# - LANGUAGE CODE | |
| Language code of text/sound track or separate title | eng |
| 245 00 - TITLE STATEMENT | |
| Title | Midill (97PL) Ltd v Park Lane Estates Ltd and another |
| Medium | [electronic resource] |
| 260 ## - PUBLICATION, DISTRIBUTION, ETC. | |
| Date of publication, distribution, etc. | 2008 |
| 520 ## - SUMMARY, ETC. | |
| Summary, etc. | [2008] EWHC 18 (Ch) 16 January 2008. The case was a reminder that a failure to complete will nearly always lead to a deposit being forfeited. The case concerned a company that had paid a deposit for the purchase of a property, but had not been ready, able or willing to complete. The claimant prospective buyer (M) claimed the return of the deposit and damages for breach of contract. Held: claim dismissed. The fact that the seller then sold the property to a third party at a higher price did not constitute a special circumstance such that the court should exercise its discretion and order the return of the deposit under the Law of Property Act 1925. |
| 590 ## - LOCAL NOTE (RLIN) | |
| Local note | KA |
| 650 24 - SUBJECT ADDED ENTRY--TOPICAL TERM | |
| Topical term or geographic name entry element | MIDILL (97PL) LTD V PARK LANE ESTATES LTD AND ANOTHER |
| 650 24 - SUBJECT ADDED ENTRY--TOPICAL TERM | |
| Topical term or geographic name entry element | STANDARD CONDITIONS OF SALE |
| 650 24 - SUBJECT ADDED ENTRY--TOPICAL TERM | |
| Topical term or geographic name entry element | OMAR V EL-WAKIL |
| 650 24 - SUBJECT ADDED ENTRY--TOPICAL TERM | |
| Topical term or geographic name entry element | LAW OF PROPERTY ACT 1925 |
| 651 #4 - SUBJECT ADDED ENTRY--GEOGRAPHIC NAME | |
| Geographic name | England and Wales |
| 690 ## - LOCAL SUBJECT ADDED ENTRY--TOPICAL TERM (OCLC, RLIN) | |
| Topical term or geographic name as entry element | PROPERTY-PROPERTY ACQUISITION AND DISPOSAL |
| 856 40 - ELECTRONIC LOCATION AND ACCESS | |
| Uniform Resource Identifier | <a href="https://www.bailii.org/ew/cases/EWHC/Ch/2008/18.html">https://www.bailii.org/ew/cases/EWHC/Ch/2008/18.html</a> |
| Public note | View the judgment free of charge at www.bailii.org... |
| 942 ## - ADDED ENTRY ELEMENTS (KOHA) | |
| Suppress in OPAC | 0 |
| Withdrawn status | Lost status | Source of classification or shelving scheme | Damaged status | Not for loan | Home library | Current library | Shelving location | Date acquired | Total Checkouts | Full call number | Barcode | Date last seen | Copy number | Price effective from | Koha item type |
|---|---|---|---|---|---|---|---|---|---|---|---|---|---|---|---|
| Dewey Decimal Classification | Virtual | Virtual | Online | 18/04/2008 | ONLINE PUBLICATION | 143243-2001 | 06/08/2019 | 1 | 06/08/2019 | Law report |